Učiaca sa organizácia v medzinárodnom prostredí ako trend v oblasti corporate culture bakalárska práca

Saved in:
Bibliographic Details
Main Author: Záturová, Barbora
Corporate Author: Obchodná fakulta EU. Katedra medzinárodného obchodu
Other Authors: Belejová, Martina
Format: Book
Language:Slovak
Published: Bratislava 2011
Tags: Add Tag
No Tags, Be the first to tag this record!

MARC

LEADER 00000nam a2200000 4500
001 0151139
005 20240320072208.6
041 0 |a slo 
044 |a SK 
245 1 0 |a Učiaca sa organizácia v medzinárodnom prostredí ako trend v oblasti corporate culture  |b bakalárska práca  |c Barbora Záturová ; školiteľ: Martina Belejová 
264 1 |a Bratislava  |c 2011 
300 |a 55 s. 
100 1 |a Záturová, Barbora 
700 1 |a Belejová, Martina 
710 2 |a Obchodná fakulta EU. Katedra medzinárodného obchodu